000 00559nam a2200205Ia 4500
005 20250326144137.0
008 250326s9999 xx 000 0 und d
020 _a978-0-415-42681-7
037 _aTextbook
040 _aFMSL
_beng
_cFMSL
041 _aeng
_2eng
084 _aX P8
_qFMSL
100 _aAntonelli C
_9749121
245 0 _aEconomiocs of innovation: critical concepts in economics
_cAntonelli C
260 _aNY
_bNY, Routledge
_c2008
300 _a532p
365 _b49890.75
942 _cTB
_hX P8
999 _c1302548
_d1302548